Central Library OPAC University of Rajshahi

The metaphysical poets : (Record no. 77254)

MARC details
000 -LEADER
fixed length control field 00926nam a2200301 a 4500
001 - CONTROL NUMBER
control field 77254
003 - CONTROL NUMBER IDENTIFIER
rucl marc code BD-RjUL
005 - DATE AND TIME OF LATEST TRANSACTION
control field 20211209082942.0
008 - FIXED-LENGTH DATA ELEMENTS--GENERAL INFORMATION
fixed length control field 200308s1974 enk b 001 0 eng
020 ## - INTERNATIONAL STANDARD BOOK NUMBER
International Standard Book Number 0333154657 :
Terms of availability £2.95.
International Standard Book Number 0333154667
035 ## - SYSTEM CONTROL NUMBER
System control number (BD-RjUL)77479
040 ## - CATALOGING SOURCE
Original cataloging agency DLC
Transcribing agency DLC
Modifying agency DLC
-- BD-RjUL
Language of cataloging eng
041 ## - LANGUAGE CODE
Language code of text/sound track or separate title eng
082 00 - DEWEY DECIMAL CLASSIFICATION NUMBER
Edition number 23
Classification number 821.09
Author mark and year MET 1982
245 14 - TITLE STATEMENT
Title The metaphysical poets :
Remainder of title a casebook /
Statement of responsibility, etc. edited by Gerald Hammond.
260 ## - PUBLICATION, DISTRIBUTION, ETC. (IMPRINT)
Place of publication, distribution, etc. London :
Name of publisher, distributor, etc. Macmillan,
Date of publication, distribution, etc. 1974, [reprinted 1982]
300 ## - PHYSICAL DESCRIPTION
Pagination 254 p. ;
Size 21 cm.
490 0# - SERIES STATEMENT
Series statement Casebook Series
500 ## - GENERAL NOTE
General note Includes index.
504 ## - BIBLIOGRAPHY, ETC. NOTE
Bibliography, etc Bibliography : p. [243]-245.
650 #0 - SUBJECT ADDED ENTRY--TOPICAL TERM
Topical term or geographic name as entry element English poetry
Chronological subdivision Early modern, 1500-1700
General subdivision History and criticism.
9 (RLIN) 240508
Topical term or geographic name as entry element Metaphysics in literature.
9 (RLIN) 240509
700 ## - ADDED ENTRY--PERSONAL NAME
Personal name Hammond, Gerald,
942 ## - ADDED ENTRY ELEMENTS (KOHA)
Source of classification or shelving scheme Dewey Decimal Classification
Koha item type Books
Holdings
Lost status Source of classification or shelving scheme Damaged status Not for loan Collection code Permanent Location Current Location Shelving location Date acquired Source of acquisition Total Checkouts Full call number Date last seen Copy number Koha item type
  Dewey Decimal Classification   Not For Loan Non-fiction Central Library, University of Rajshahi Central Library, University of Rajshahi Reading Room 22/05/1983 Heffers   821.09 MET 1982 08/03/2020 C-1 Books